| Registos Bibliográficos associados ao registo de autoridade |
|
Etiqueta de registo: 00000nkm 2200025 450 001 2256946 003 http://id.bnportugal.gov.pt/bib/catbnp/2256946 100 ## $a20260129f197- m y0pory01030103ba 101 0# $apor$afre 102 ## $aPT 200 1# $aChorale des Martyrs d'Ouganda (Dakar - Senegal), auditório Gulbankian, 8 junho$bVisual gráfico]$fCâmara Municipal de Braga 210 #9 $aBraga$cCâmara Municipal de Braga,$d[posterior a 1976]$eBraga :$gEditora Correio do Minho ) 215 ## $a1 cartaz$ccolor.$d62,3x34cm 306 ## $aDatação atribuída em conformidade com as características formais do documento. 317 ## $aColeção Madeira Luís 675 ## $a766(=1:469)"198"(084.5)$vBN$zpor$31620221 710 02 $aCâmara Municipal de Braga$bPelouro do Ambiente e da Cultura$31982002 711 02 $aAssociação de Coros Amadores da Área de Lisboa$31302023 801 #0 $aPT$bBN$gRPC 966 ## $lBN$mICONOG$sCT. 18485 A.$x3 971 ## $cCaticonografia2$d20260129 995 ## $aPRR2026 $d20260129$iCaticonografia2
Etiqueta de registo: 00000nkm 2200025 450 001 2259198 003 http://id.bnportugal.gov.pt/bib/catbnp/2259198 100 ## $a20260202f1980 m y0pory01030103ba 101 0# $apor 102 ## $aPT 200 1# $aACAAL, Associação de Coros Amadores da Área de Lisboa, 3.º ECIJ, Encontro de Coros
Infantis e Juvenis$bVisual gráfico]$fAssociação de Coros Amadores da Área de Lisboa 210 #9 $aLisboa$cAssociação de Coros Amadores da Área de Lisboa,$d[posterior a 1980]$e[S.l.] :$gArtíssimo ) 215 ## $a1 cartaz$ccolor.$d30x20,5 cm 306 ## $aDatação atribuída em conformidade com as designações institucionais 317 ## $aColeção Madeira Luís 675 ## $a766(=1:469)"198"(084.5)$vBN$zpor$31302430 710 02 $aEncontro de Coros Infantis e Juvenis,$d3,$eLisboa$31994848 712 02 $aArtíssimo$31994849 712 02 $aAssociação de Coros Amadores da Área de Lisboa$31302023 801 #0 $aPT$bBN$gRPC 966 ## $lBN$mICONOG$sCT. 5853 P.$x3 971 ## $cCaticonografia6$d20260202 972 ## $d20260213$e2$vfpinelo$z0 995 ## $aPRR2026 $d20260202$iCaticonografia6
Etiqueta de registo: 00000nkm 2200025 450 001 2280483 003 http://id.bnportugal.gov.pt/bib/catbnp/2280483 100 ## $a20260316d1984 m y0pory01030103ba 101 0# $apor 102 ## $aPT 200 1# $a7.º Encontro de Coros Amadores da Área de Lisboa$bVisual gráfico]$fAssociação de Coros Amadores da Área de Lisboa 210 #9 $aLisboa$cAssociação de Coros Amadores da Área de Lisboa,$d1984 215 ## $a1 cartaz$ccolor.$d62x44,5 cm 306 ## $aVariante: 3032 A. 317 ## $aColeção Madeira Luís 710 12 $aEncontro de Coros Amadores da Área de Lisboa,$d7,$eLisboa,$f1984$3214390 712 02 $aAssociação de Coros Amadores da Área de Lisboa$4557$31302023 801 #0 $aPT$bBN$gRPC 966 ## $lBN$mICONOG$sCT. 24916 A.$x3 971 ## $cCaticonografia5$d20260316 995 ## $aPRR2026
Etiqueta de registo: 00000nkm 2200025 450 001 2280474 003 http://id.bnportugal.gov.pt/bib/catbnp/2280474 100 ## $a20260316d1981 m y0pory01030103ba 101 0# $apor 102 ## $aPT 200 1# $a4.º Encontro de Coros Amadores da Área de Lisboa, maio junho 81$bVisual gráfico]$fAssociação de Coros Amadores da Área de Lisboa 210 #9 $a[Lisboa]$cAssociação de Coros Amadores da Área de Lisboa,$d1981 215 ## $a1 cartaz$cp&b.$d62,2x44,5 cm 317 ## $aColeção Madeira Luís 710 02 $aEncontro de Coros Amadores da Área de Lisboa,$d4,$eLisboa,$f1981$31991511 712 02 $aAssociação de Coros Amadores da Área de Lisboa$4557$31302023 801 #0 $aPT$bBN$gRPC 966 ## $lBN$mICONOG$sCT. 24915 A.$x3 971 ## $cCaticonografia5$d20260316 995 ## $aPRR2026
|
|
|